La emancipación de la música: el alejamiento de la mímesis en la estética del siglo XVIII
Sparad:
| Huvudupphovsman: | |
|---|---|
| Övriga upphovsmän: | |
| Materialtyp: | Bok |
| Språk: | spanska |
| Publicerad: |
Madrid
Visor
1992
|
| Serie: | La Balsa de la Medusa, 57
|
| Ämnen: | |
| Taggar: |
Lägg till en tagg
Inga taggar, Lägg till första taggen!
|
MARC
| LEADER | 00000cam a2200000 a 4500 | ||
|---|---|---|---|
| 001 | UCF0200 | ||
| 003 | CL-VaPUC | ||
| 005 | 20220810102442.0 | ||
| 008 | 120503e19920000SP |||||||||||||||||spa|d | ||
| 999 | |c 347672 |d 347670 | ||
| 020 | |a 8477745579 | ||
| 040 | |c Pontificia Universidad Católica de Valparaíso | ||
| 082 | 0 | 4 | |a 781.17 |b NEU |2 21 |
| 100 | |a Neubauer, John |e autor |9 562075 | ||
| 245 | 1 | 3 | |a La emancipación de la música: el alejamiento de la mímesis en la estética del siglo XVIII |
| 260 | |a Madrid |b Visor |c 1992 | ||
| 300 | |a 343 p | ||
| 490 | 0 | |a La Balsa de la Medusa, 57 | |
| 583 | |a last modification |c 20120910 09:14:21 |k Rodrigo Vera | ||
| 650 | 0 | |a Estética musical |9 265497 | |
| 650 | 0 | |a Teoría musical |9 265760 | |
| 650 | 7 | |a FORMAS MUSICALES SIGLO 18 |2 CL-VaPUC |9 562076 | |
| 700 | |a Giménez Gracia, Francisco |e traducción |9 875282 | ||
| 942 | |c BK |2 ddc | ||
| 945 | |d 20120503 00:00:00 |a dcastane | ||
| 952 | |0 0 |1 0 |4 0 |6 781_170000000000000_NEU_1992 |7 0 |8 A |9 449154 |a BIBEDU |b BIBEDU |d 2019-11-22 |i 4859162 |o 781.17 NEU 1992 |p 4859162 |r 2023-01-12 |w 2019-11-22 |y BK |k MUS | ||